Score 0/35 Timer 07:00
0 Plays Today
Question Answer Wrong Answers

1st Year
Defence Against the Dark Arts Professor
Quirinus Quirrell
96.5%
Gilderoy Lockhart
1.5%
Remus Lupin
0.9%
Dolores Umbridge
1%

1st Year
Gryffindor Quidditch Captain
Oliver Wood
95.9%
No Captain/Unknown
1.9%
Harry Potter
1.1%
Angelina Johnson
0.8%

2nd Year
Defence Against the Dark Arts Professor
Gilderoy Lockhart
90.9%
Quirinus Quirrell
0.7%
Remus Lupin
2.8%
Severus Snape
1.6%

1st Year
Event attended by Harry Potter
A life-size game of Chess
90%
500th Year Death Day celebration
5.6%
The Yule Ball
2.4%
First meeting of Dumbledore's Army
1.2%

1st Year
Number of Weasleys attending Hogwarts
4
89.1%
5
7.1%
1
0.9%
2
1.5%

3rd Year
Defence Against the Dark Arts Professor
Remus Lupin
87.3%
Gilderoy Lockhart
2.1%
Barty Crouch, Jr.
2.1%
Amycus Carrow
0.7%

2nd Year
Gryffindor Quidditch Captain
Oliver Wood
86.3%
Angelina Johnson
4.7%
Harry Potter
1.3%
No Captain/Unknown
3%

4th Year
Event attended by Harry Potter
The Yule Ball
85.3%
Wormtail exposed in the Shrieking Shack
0.5%
Dumbledore's Army first meeting
1.6%
Bill and Fleur's wedding
1.9%

3rd Year
Event attended by Harry Potter
Wormtail exposed in the Shrieking Shack
84.7%
500th Year Death Day celebration
1.2%
A life-size game of Chess
0.5%
The Yule Ball
5.3%

2nd Year
Event attended by Harry Potter
500th Year Death Day celebration
84.5%
A life-size game of Chess
0.8%
Wormtail exposed in the Shrieking Shack
5.4%
The Slug Club
4%

5th Year
Defence Against the Dark Arts Professor
Dolores Umbridge
83.5%
Amycus Carrow
0.7%
Barty Crouch, Jr.
0.6%
Severus Snape
3.3%

7th Year
Event attended by Harry Potter
Bill and Fleur's wedding
83.4%
Wormtail exposed in the Shrieking Shack
1.2%
The Slug Club
1.3%
The Yule Ball
0.4%

5th Year
Number of Weasleys attending Hogwarts
4
81.9%
5
1%
1
0.4%
2
4.4%

4th Year
Defence Against the Dark Arts Professor
Barty Crouch, Jr.
81.8%
Remus Lupin
2.4%
Quirinus Quirrell
0.4%
Dolores Umbridge
5.4%

6th Year
Defence Against the Dark Arts Professor
Severus Snape
80.6%
Gilderoy Lockhart
0.5%
Dolores Umbridge
2.7%
Amycus Carrow
3.2%

7th Year
Christmas gift given to Harry Potter
Nothing
79.4%
A box of maggots
1%
Bag of Dungbombs
2.5%
Furry wallet with fangs
3.2%

2nd Year
Number of Weasleys attending Hogwarts
5
78.7%
4
14.9%
1
0.2%
2
0.5%

5th Year
Event attended by Harry Potter
First meeting of Dumbledore's Army
78.7%
500th Year Death Day celebration
1%
Bill and Fleur's wedding
3.7%
The Slug Club
4.5%

7th Year
Defence Against the Dark Arts Professor
Amycus Carrow
77.3%
Quirinus Quirrell
0.4%
Barty Crouch, Jr.
1.1%
Severus Snape
7.5%

4th Year
Number of Weasleys attending Hogwarts
4
76%
5
12%
1
0.2%
2
1%

6th Year
Event attended by Harry Potter
The Slug Club
75.4%
A life-size game of Chess
0.4%
First meeting of Dumbledore's Army
1.9%
Bill and Fleur's wedding
9%

7th Year
Gryffindor Quidditch Captain
No Captain/Unknown
74.3%
Angelina Johnson
1.5%
Harry Potter
10.2%
Oliver Wood
0.3%

7th Year
Number of Weasleys attending Hogwarts
1
73.4%
4
0.3%
5
0.6%
2
12%

6th Year
Gryffindor Quidditch Captain
Harry Potter
69.9%
Angelina Johnson
14.5%
Oliver Wood
0.4%
No Captain/Unknown
2.2%

6th Year
Number of Weasleys attending Hogwarts
2
69.7%
4
16%
1
0.4%
5
0.5%

3rd Year
Gryffindor Quidditch Captain
Oliver Wood
69.6%
Angelina Johnson
13.7%
Harry Potter
3.6%
No Captain/Unknown
5%

5th Year
Christmas gift given to Harry Potter
Furry wallet with fangs
63.4%
Bag of Dungbombs
5.6%
A box of maggots
17.2%
A Whittled Wooden Flute
1.4%

5th Year
Gryffindor Quidditch Captain
Angelina Johnson
62.7%
Oliver Wood
1.2%
Harry Potter
18.6%
No Captain/Unknown
5.6%

3rd Year
Number of Weasleys attending Hogwarts
5
59.9%
4
30.6%
1
0.2%
2
0.7%

3rd Year
Christmas gift given to Harry Potter
A Gryffindor Lion sweater
58.9%
A Toothpick
1.9%
Bag of Dungbombs
29.1%
A Whittled Wooden Flute
0.9%

6th Year
Christmas gift given to Harry Potter
A box of maggots
49.7%
Furry wallet with fangs
6%
Nothing
28.3%
A Toothpick
2.6%

1st Year
Christmas gift given to Harry Potter
A Whittled Wooden Flute
44.3%
A Toothpick
12.2%
A Gryffindor Lion sweater
32.4%
Nothing
8.2%

4th Year
Gryffindor Quidditch Captain
No Captain/Unknown
42.7%
Angelina Johnson
26.5%
Harry Potter
6.4%
Oliver Wood
14.4%

4th Year
Christmas gift given to Harry Potter
Bag of Dungbombs
41.9%
A Gryffindor Lion sweater
5.8%
Furry wallet with fangs
30.6%
Nothing
10.3%

2nd Year
Christmas gift given to Harry Potter
A Toothpick
39.8%
A Gryffindor Lion sweater
46%
A Whittled Wooden Flute
1.3%
A box of maggots
6.4%
Remove Ads.
Support Sporcle.
Get the best of Sporcle when you Go Orange. This ad-free experience offers more features, more stats, and more fun while also helping to support Sporcle. Thank you for becoming a member.

You're not logged in!

Compare scores with friends on all Sporcle quizzes.
OR
Log In

Show Comments

Extras

Top Quizzes Today


Score Distribution

Your Account Isn't Verified!

In order to create a playlist on Sporcle, you need to verify the email address you used during registration. Go to your Sporcle Settings to finish the process.

Report this User

Report this user for behavior that violates our Community Guidelines.

Details: